000 01016nam a2200301 i 4500
001 000009939
003 DO-SdBNP
005 20260406100717.0
007 ta
008 091002s2001 dr a r 000 p spa d
040 _aDO-SdBNP
_bspa
_cBNPHU
_erda
041 _aspa
082 4 _aRD861.44
_bD542b
_222
100 1 _aDíaz Guerra, Eduardo,
_d1954-
_eautor
_4aut.
_924872
245 1 0 _aBar azul /
_cEduardo Díaz Guerra ; ilustraciones, Gustavo Ubrí.
264 4 _aSanto Domingo, República Dominicana :
_bMediabyte,
_c©2001.
300 _a93 páginas :
_bilustraciones ;
_c21 cm.
336 _atexto
_btxt
_2rdacontent
337 _asin mediación
_bn
_2rdamedia
338 _avolumen
_bnc
_2rdacarrier
500 _aIncluye datos biográficos del autor en las solapas
590 _aInventariado, 2018/BT
650 4 _aPoesía dominicana
_966
650 4 _aLiteratura dominicana.
_967
700 _aUbrí, Gustavo,
_eilustrador
_4il.
_989278
910 _aValidado. Control de calidad. MMOLINA
942 _2ddc
_cLBS1
999 _c9698
_d9698